LEADER 01066nam0 22002771i 450 001 VAN0015268 005 20060102120000.0 020 $aIT$b75 10781 100 $a20040115e19741909 |0itac50 ba 101 $aita 102 $aIT 105 $a|||| ||||| 200 1 $aˆL' ‰eversione della feudalita nel Napolitano$edottrine che vi prelusero, storia, legislazione e giurisprudenza 210 $a[Bologna]$cForni$d1974 215 $a1011 p.$cill.$d21 cm. 606 $aFeudalesimo$xNapoli $x1083-1902$3VANC007915$2FI 620 $dBologna$3VANL000003 676 $a945.73$v21 700 1$aPerrella$bAlfonso$3VANV011083$0448106 712 $aForni$3VANV108290$4650 801 $aIT$bSOL$c20230616$gRICA 899 $aBIBLIOTECA DEL DIPARTIMENTO DI GIURISPRUDENZA$1IT-CE0105$2VAN00 912 $aVAN0015268 950 $aBIBLIOTECA DEL DIPARTIMENTO DI GIURISPRUDENZA$d00CONS XXIV.Eb.189 bis $e00 798444828 20041027 996 $aEversione della feudalità nel Napolitano$9168482 997 $aUNICAMPANIA LEADER 02839nam 2200625Ia 450 001 9910782813103321 005 20191030193359.0 010 $a1-282-34997-X 010 $a9786612349973 010 $a0-470-77103-8 035 $a(CKB)1000000000725054 035 $a(EBL)470407 035 $a(OCoLC)781257600 035 $a(SSID)ssj0000348670 035 $a(PQKBManifestationID)11270600 035 $a(PQKBTitleCode)TC0000348670 035 $a(PQKBWorkID)10345615 035 $a(PQKB)11343138 035 $a(Au-PeEL)EBL470407 035 $a(CaPaEBR)ebr10300761 035 $a(CaONFJC)MIL234997 035 $a(CaSebORM)9780470998014 035 $a(MiAaPQ)EBC470407 035 $a(EXLCZ)991000000000725054 100 $a20080801d2008 uy 0 101 0 $aeng 135 $aur|n|---||||| 181 $ctxt 182 $cc 183 $acr 200 10$aMarket risk analysis$hVolume 2$iPractical financial econometrics$b[electronic resource] /$fCarol Alexander 205 $a1st edition 210 $aChichester, England ;$aHoboken, NJ $cWiley$d2008 215 $a1 online resource (430 p.) 225 1 $aThe Wiley Finance Series ;$vv.2 300 $aDescription based upon print version of record. 311 $a0-470-99801-6 320 $aIncludes bibliographical references and index. 327 $aMarket Risk Analysis Volume II; Contents; List of Figures; List of Tables; List of Examples; Foreword; Preface to Volume II; II.1 Factor Models; II.2 Principal Component Analysis; II.3 Classical Models of Volatility and Correlation; II.4 Introduction to GARCH Models; II.5 Time Series Models and Cointegration; II.6 Introduction to Copulas; II.7 Advanced Econometric Models; II.8 Forecasting and Model Evaluation; References; Index; Plates 330 $aWritten by leading market risk academic, Professor Carol Alexander, Practical Financial Econometrics forms part two of the Market Risk Analysis four volume set. It introduces the econometric techniques that are commonly applied to finance with a critical and selective exposition, emphasising the areas of econometrics, such as GARCH, cointegration and copulas that are required for resolving problems in market risk analysis. The book covers material for a one-semester graduate course in applied financial econometrics in a very pedagogical fashion as each time a concept is introduced an empirical 410 0$aWiley finance series. 606 $aRisk management 606 $aHedging (Finance) 615 0$aRisk management. 615 0$aHedging (Finance) 676 $a332.015195 676 $a332.6 700 $aAlexander$b Carol$020566 801 0$bMiAaPQ 801 1$bMiAaPQ 801 2$bMiAaPQ 906 $aBOOK 912 $a9910782813103321 996 $aMarket risk analysis$91538665 997 $aUNINA